<?xml version="1.0" encoding="UTF-8"?>
<collection xmlns="http://www.loc.gov/MARC21/slim">
 <record>
  <leader>01837nam a22002417a 4500</leader>
  <controlfield tag="001">NCT_71565</controlfield>
  <controlfield tag="008">191015b        xxu||||| |||| 00| 0 vie d</controlfield>
  <datafield tag="999" ind1=" " ind2=" ">
   <subfield code="c">3480</subfield>
   <subfield code="d">3480</subfield>
  </datafield>
  <datafield tag="020" ind1=" " ind2=" ">
   <subfield code="c">30000</subfield>
  </datafield>
  <datafield tag="082" ind1="0" ind2="4">
   <subfield code="2">23rd ed.</subfield>
   <subfield code="a">613.6</subfield>
   <subfield code="b">T450</subfield>
  </datafield>
  <datafield tag="100" ind1="1" ind2=" ">
   <subfield code="a">Westcott, Patsy</subfield>
  </datafield>
  <datafield tag="245" ind1="1" ind2="0">
   <subfield code="a">Vượt qua stress trong cuộc sống hiện đại</subfield>
   <subfield code="c">Patsy Westcott ; Minh Đức (dịch)</subfield>
  </datafield>
  <datafield tag="260" ind1=" " ind2=" ">
   <subfield code="a">Tp. Hồ Chí Minh</subfield>
   <subfield code="b">Trẻ</subfield>
   <subfield code="c">2013</subfield>
  </datafield>
  <datafield tag="300" ind1=" " ind2=" ">
   <subfield code="a">129 tr.</subfield>
   <subfield code="b">minh họa, biểu bảng</subfield>
   <subfield code="c">21cm</subfield>
  </datafield>
  <datafield tag="520" ind1="3" ind2=" ">
   <subfield code="a">Cuộc sống ngày nay luôn biến chuyển không ngừng từ công việc đến sinh hoạt. Càng ngày càng có thêm nhiều yếu tố mới dẫn đến stress: điện thoại, máy tính, cạnh tranh... Nhiều biến cố trong đời sống đều có thể gây ra stress: kết hôn, sinh con, bệnh tật... Vậy làm thế nào để thư giãn và giảm stress trong cuộc sống hiện nay? Quyển sách này sẽ hướng dẫn bạn làm được điều đó.</subfield>
  </datafield>
  <datafield tag="653" ind1=" " ind2=" ">
   <subfield code="a">Sách tham khảo</subfield>
  </datafield>
  <datafield tag="700" ind1="0" ind2=" ">
   <subfield code="a">Minh Đức</subfield>
   <subfield code="e">Dịch</subfield>
  </datafield>
  <datafield tag="942" ind1=" " ind2=" ">
   <subfield code="2">ddc</subfield>
   <subfield code="c">BK</subfield>
  </datafield>
  <datafield tag="952" ind1=" " ind2=" ">
   <subfield code="0">0</subfield>
   <subfield code="1">0</subfield>
   <subfield code="2">ddc</subfield>
   <subfield code="4">0</subfield>
   <subfield code="6">613_600000000000000_T450</subfield>
   <subfield code="7">0</subfield>
   <subfield code="9">18196</subfield>
   <subfield code="a">000001</subfield>
   <subfield code="b">000001</subfield>
   <subfield code="d">2019-10-15</subfield>
   <subfield code="o">613.6 T450</subfield>
   <subfield code="p">TK.01848</subfield>
   <subfield code="r">2019-10-15</subfield>
   <subfield code="v">30000.00</subfield>
   <subfield code="w">2019-10-15</subfield>
   <subfield code="y">BK</subfield>
  </datafield>
  <datafield tag="952" ind1=" " ind2=" ">
   <subfield code="0">0</subfield>
   <subfield code="1">0</subfield>
   <subfield code="2">ddc</subfield>
   <subfield code="4">0</subfield>
   <subfield code="6">613_600000000000000_T450</subfield>
   <subfield code="7">0</subfield>
   <subfield code="9">18197</subfield>
   <subfield code="a">000001</subfield>
   <subfield code="b">000001</subfield>
   <subfield code="d">2019-10-15</subfield>
   <subfield code="o">613.6 T450</subfield>
   <subfield code="p">TK.01849</subfield>
   <subfield code="r">2019-10-15</subfield>
   <subfield code="v">30000.00</subfield>
   <subfield code="w">2019-10-15</subfield>
   <subfield code="y">BK</subfield>
  </datafield>
  <datafield tag="952" ind1=" " ind2=" ">
   <subfield code="0">0</subfield>
   <subfield code="1">0</subfield>
   <subfield code="2">ddc</subfield>
   <subfield code="4">0</subfield>
   <subfield code="6">613_600000000000000_T450</subfield>
   <subfield code="7">0</subfield>
   <subfield code="9">18198</subfield>
   <subfield code="a">000001</subfield>
   <subfield code="b">000001</subfield>
   <subfield code="d">2019-10-15</subfield>
   <subfield code="o">613.6 T450</subfield>
   <subfield code="p">TK.01850</subfield>
   <subfield code="r">2019-10-15</subfield>
   <subfield code="v">30000.00</subfield>
   <subfield code="w">2019-10-15</subfield>
   <subfield code="y">BK</subfield>
  </datafield>
  <datafield tag="952" ind1=" " ind2=" ">
   <subfield code="0">0</subfield>
   <subfield code="1">0</subfield>
   <subfield code="2">ddc</subfield>
   <subfield code="4">0</subfield>
   <subfield code="6">613_600000000000000_T450</subfield>
   <subfield code="7">0</subfield>
   <subfield code="9">18199</subfield>
   <subfield code="a">000001</subfield>
   <subfield code="b">000001</subfield>
   <subfield code="d">2019-10-15</subfield>
   <subfield code="o">613.6 T450</subfield>
   <subfield code="p">TK.01851</subfield>
   <subfield code="r">2019-10-15</subfield>
   <subfield code="v">30000.00</subfield>
   <subfield code="w">2019-10-15</subfield>
   <subfield code="y">BK</subfield>
  </datafield>
  <datafield tag="980" ind1=" " ind2=" ">
   <subfield code="a">Thư viện Trường Đại học Nam Cần Thơ</subfield>
  </datafield>
 </record>
</collection>
